000 00882cam a2200241 a 4500
003 OSt
005 20210818181453.0
008 161007t2012 ck a|||gr|||| 000 0 spa d
020 _a9789583045653
040 _bspa
041 _aspa
082 0 4 _a612
_bSA272v
100 1 _949083
_aSaxby, Claire
245 _aVerdad o ficción
_bcuerpo humano
_cClaire Saxby, traductora Diana Esperanza Gómez
260 _aBogotá
_bPanamericana
_c2014
300 _a224 páginas
_bilustraciones
_c15 centímetros
534 _tFreaky fact of fiction. Human body
650 0 _910703
_aCuerpo Humano
_vPreguntas y Respuestas
_xLiteratura Juvenil
650 0 _910703
_aCuerpo Humano
_vLiteratura Infantil
650 0 _918330
_aAnatomia Humana
_vLiteratura Infantil
700 _949084
_aGomez, Diana Esperanza
_etraducción
942 _2ddc
_h612 SA272v
_k612
_mSA272v
999 _c10672
_d10672